=LDR 00000nam 2200000 4500 =001 INLIS000000000015642 =005 20130612110920 =008 ***********************************Indo** =035 ##$$0010-061300000015642 =041 ##$$a Indo =082 ##$$a 282 =090 ##$$a 282, Pen p =245 ##$$a Pendidikan Agama Katolik Untuk SLTP,Siswa 3A Caturwulan 1, Aku Bersedia Diutus Oleh Yesus, Al.Soenarto,S.W.,Drs.T.M.Sriyono dkk =250 ##$$a Seri Murid-Murid Yesus =260 ##$$a 1996 $b Yogyakarta =300 ##$$a 44 hlm, Ilus, 19 cm =650 ##$$a Gereja Katolik =850 ##$$a NBPNMAT